Regímenes políticos contemporaneos
সংরক্ষণ করুন:
| বিন্যাস: | গ্রন্থ |
|---|---|
| ভাষা: | স্প্যানিশ |
| প্রকাশিত: |
Santiago
Juridica de Chile
1993
|
| সংস্করন: | 2a. ed |
| বিষয়গুলি: | |
| ট্যাগগুলো: |
ট্যাগ যুক্ত করুন
কোনো ট্যাগ নেই, প্রথমজন হিসাবে ট্যাগ করুন!
|
MARC
| LEADER | 00000nam a2200000 a 4500 | ||
|---|---|---|---|
| 001 | UCX8737 | ||
| 003 | CL-VaPUC | ||
| 008 | 940422e19930000CL |||||||||||||||||spa|d | ||
| 082 | 0 | 4 | |a 321 |b NOG |2 21 |
| 245 | 1 | 0 | |a Regímenes políticos contemporaneos |
| 250 | |a 2a. ed | ||
| 300 | |a 435 p | ||
| 942 | |c BK | ||
| 945 | |d 19940422 00:00:00 |a aalvarez | ||
| 260 | |a Santiago |b Juridica de Chile |c 1993 | ||
| 650 | 0 | |a Doctrinas políticas |9 255835 | |
| 650 | 0 | |a Democracia |9 255256 | |
| 650 | 0 | |a Derecho constitucional |9 222588 | |
| 650 | 0 | |a Derecho comparado |9 255664 | |
| 583 | |a last modification |c 19940422 00:00:00 |k Rodrigo Vera | ||
| 999 | |c 228155 |d 228153 | ||
| 952 | |0 0 |1 0 |4 0 |6 321_000000000000000_NOG_1993 |7 0 |8 A |9 227870 |a BIBHIS |b BIBHIS |d 2019-11-15 |i 3037959 |o 321 NOG 1993 |p 3037959 |r 2025-01-20 |w 2019-11-15 |y BK |k HIS | ||
| 952 | |0 0 |1 0 |4 0 |6 321_000000000000000_NOG_1993 |7 0 |8 A |9 227871 |a BIBDER |b BIBDER |d 2019-11-15 |i 3739414 |o 321 NOG 1993 |p 3739414 |r 2023-01-25 |w 2019-11-15 |y BK |k DER | ||